00309nam a2200145Ia 45000030006000000080041000060400015000471000019000622450030000812500006001112600009001173000006001265460014001320050017001460STCL150530s9999 xx 000 0 und d aSTCLcSTCL aLeelavathy, M. aGod of Small Things-Study a1 c1999 a0 aMalayalam20220125171754.0